Teoría de los precios sociales (Registro nro. 6572)

Detalles MARC
000 -LEADER
fixed length control field 00837 a2200205 4500
001 - CONTROL NUMBER
control field 59019
005 - DATE AND TIME OF LATEST TRANSACTION
control field 20260407155845.0
008 - FIXED-LENGTH DATA ELEMENTS--GENERAL INFORMATION
fixed length control field 260407a1985 arg spa d
003 - CONTROL NUMBER IDENTIFIER
control field AR-UNSa-BCEJYS
040 ## - CATALOGING SOURCE
Original cataloging agency AR-UNSa-BCEJYS
Language of cataloging spa
Transcribing agency AR-UNSa-BCEJYS
080 ## - UNIVERSAL DECIMAL CLASSIFICATION NUMBER
Universal Decimal Classification number 338.5
Common auxiliary subdivision Precios. Formación de precios. Costes
020 ## - INTERNATIONAL STANDARD BOOK NUMBER
International Standard Book Number 84-7351-181-6
100 1# - MAIN ENTRY--PERSONAL NAME
Personal name Azqueta Oyarzun, Diego
245 10 - TITLE STATEMENT
Title Teoría de los precios sociales
264 #1 - PRODUCTION, PUBLICATION, DISTRIBUTION, MANUFACTURE, AND COPYRIGHT NOTICE
Place of production, publication, distribution, manufacture Madrid :
Name of producer, publisher, distributor, manufacturer Instituto Nacional de Administración Pública (INAP)
Date of production, publication, distribution, manufacture, or copyright notice 1985
300 ## - PHYSICAL DESCRIPTION
Extent 250 p.
Dimensions 19 cm.
505 ## - FORMATTED CONTENTS NOTE
Formatted contents note 1. Mercado y asignación de recursos – 2. Análisis de costes y beneficios sociales – 3. Precios de cuenta de eficiencia – 4. Precios sociales – 5. Salario social – 6. Tasa social de descuento – 7. Externalidades
590 ## - LOCAL NOTE (RLIN)
Local note niveau_biblio:m niveau_hierar:0
942 ## - ADDED ENTRY ELEMENTS (KOHA)
Koha item type
Existencias
Withdrawn status Lost status Damaged status Not for loan Home library Current library Shelving location Date acquired Total checkouts Full call number Barcode Date last seen Price effective from Koha item type
        Biblioteca Prof. Eusebio Cleto del Rey Biblioteca Prof. Eusebio Cleto del Rey   07/04/2026   338.5 A996 L58182 07/04/2026 07/04/2026 Libro